Statistics for European Geography by Letter - J

Click here to take the quiz!

General Stats

  • This quiz has been taken 606 times
    (133 since last reset)
  • The average score is 11 of 20

Answer Stats

HintAnswer% Correct
Peninsula forming most of DenmarkJutland
84%
Luxurious British car brandJaguar
84%
Largest of the Channel IslandsJersey
84%
Spanish version of JohnJuan
82%
French version of JohnJean
82%
Turin soccer teamJuventus
78%
Krakow's main airport (hint: the pope)John Paul II
61%
Religious group headquartered in Rome,
officially called "Society of Jesus"
Jesuits
57%
Most common last name in WalesJones
54%
Italian brand synonymous with hot tubsJacuzzi
53%
Best selling Irish whiskeyJameson
53%
Sub-alpine mountain range on the
Italy–Slovenia border, (hint: Assange)
{Julian} Alps
50%
Very common Swedish last nameJohansson
49%
Portuguese version of JohnJoão
46%
One of the Normandy beachesJuno Beach
38%
Andalusian city famous
for its sherry
{Jerez} de
la Frontera
36%
Sub-alpine mountain range on the
Switzerland–France border
Jura
30%
German city where Zeiss was foundedJena
29%
Norwegian volcanic island in the ArcticJan Mayen
24%
Ethnic group of 450,000 FrenchmenJewish
19%

Score Distribution

Percentile by Number Answered

Percent of People with Each Score

Your Score History

You have not taken this quiz since the last reset